000 00332nam a2200157Ia 4500
100 _aPatranabis/D
250 _a2
942 _cBK
654 _aprocess control
245 _aPrinciples of Process control
260 _bTata Mc Graw hill
_c1996
082 _a660.2815
_bPAT
300 _a407
546 _aENGLISH
999 _c31351
_d31351